00302nam a2200121Ia 4500003000400000005001700004008004100021020001800062040002000080100001700100245003600117260002700153OSt20231218071507.0170524s9999 xx 000 0 und d a9788126126675 cIIMT UNIVERSITY aSHAMSHI- N A 0aMEDIA ORGANIZATION & MANAGEMENT bANMOL PUB. : NEW DELHI